[Event "Titled Tuesday intern op 11th Feb Early"]
[Site "Chess.com INT"]
[Date "2025.02.11"]
[Round "5"]
[White "Toman, Ondrej"]
[Black "Arencibia Monduy, Antonio"]
[Result "0-1"]
[WhiteElo "2274"]
[BlackElo "2115"]
[PlyCount "66"]
[EventDate "2025.02.11"]
[EventType "swiss (blitz)"]
[EventRounds "11"]
[EventCountry "USA"]
[SourceTitle "CB09_2025"]
[SourceDate "2025.02.27"]
[SourceVersion "1"]
[SourceVersionDate "2025.02.27"]
[SourceQuality "1"]

1. d4 d6 2. c4 c6 3. Nc3 Qc7 4. g3 e5 5. Nf3 Nf6 6. Bg2 Be7 7. 0-0 0-0 8. h3 Re8 9. e4 Nbd7 10. Be3 Nf8 11. dxe5 dxe5 12. Qe2 Ne6 13. Rfd1 Bc5 14. a3 b6 15. b4 Bxe3 16. Qxe3 Bb7 17. Ne2 Rad8 18. Nh4 Rxd1+ 19. Rxd1 Rd8 20. Rd3 g6 21. Nf3 Rxd3 22. Qxd3 c5 23. Nc3 Nd4 24. Nd5 Bxd5 25. cxd5 c4 26. Qb1 c3 27. Nxd4 exd4 28. Bf1 c2 29. Qc1 Qc3 30. d6 d3 31. e5 d2 32. d7 Nxd7 33. Qa1 Qxa1 0-1

[Event "Titled Tuesday intern op 25th Jun Early"]
[Site "Chess.com INT"]
[Date "2024.06.25"]
[Round "6"]
[White "Arencibia Monduy, Antonio"]
[Black "Goncharov, Vladimir"]
[Result "0-1"]
[WhiteElo "2115"]
[BlackElo "2077"]
[PlyCount "82"]
[EventDate "2024.06.25"]
[EventType "swiss (blitz)"]
[EventRounds "11"]
[EventCountry "USA"]
[SourceTitle "EXT 2025"]
[Source "ChessBase"]
[SourceDate "2024.10.14"]
[SourceVersion "1"]
[SourceVersionDate "2024.10.14"]
[SourceQuality "1"]

1. e4 e6 2. d4 d5 3. Bd3 dxe4 4. Bxe4 Nf6 5. Bf3 c5 6. c3 Nc6 7. Ne2 cxd4 8. cxd4 Be7 9. 0-0 0-0 10. Nbc3 Bd7 11. Bf4 a6 12. d5 exd5 13. Nxd5 Nxd5 14. Bxd5 Bg4 15. Bxc6 Qxd1 16. Rfxd1 bxc6 17. f3 Be6 18. Nd4 Bd5 19. Rac1 Rfc8 20. b3 a5 21. Be3 a4 22. Rd3 axb3 23. axb3 g6 24. Ne2 Rab8 25. Bc5 Bg5 26. f4 Bf6 27. Bd4 Bd8 28. Be5 Rb5 29. Nd4 Bb6 30. Kh1 Rc5 31. Rxc5 Bxc5 32. h3 Be7 33. Ne2 f6 34. Bd4 Rb8 35. Re3 Kf7 36. Kh2 Bd6 37. g3 Bxb3 38. h4 Bd5 39. Rc3 Rb1 40. Bg1 Rb2 41. Re3 Bc5 0-1

[Event "Titled Tuesday intern op 25th Jun Early"]
[Site "Chess.com INT"]
[Date "2024.06.25"]
[Round "1"]
[White "Donchenko, Alexander"]
[Black "Arencibia Monduy, Antonio"]
[Result "0-1"]
[WhiteElo "2639"]
[BlackElo "2115"]
[PlyCount "152"]
[EventDate "2024.06.25"]
[EventType "swiss (blitz)"]
[EventRounds "11"]
[EventCountry "USA"]
[SourceTitle "EXT 2025"]
[Source "ChessBase"]
[SourceDate "2024.10.14"]
[SourceVersion "1"]
[SourceVersionDate "2024.10.14"]
[SourceQuality "1"]

1. e4 e6 2. d4 d5 3. Nd2 dxe4 4. Nxe4 Nd7 5. Nf3 Ngf6 6. Bd3 Be7 7. Bf4 0-0 8. Qe2 b6 9. 0-0-0 Bb7 10. h4 Nxe4 11. Bxe4 Bxe4 12. Qxe4 Nf6 13. Qd3 c5 14. Be5 cxd4 15. Qxd4 Qxd4 16. Nxd4 Rac8 17. f3 Rfd8 18. c3 Nd5 19. Nc2 b5 20. Kb1 a5 21. h5 h6 22. Rd3 b4 23. cxb4 Rxc2 24. bxa5 Rxg2 25. Rc1 Ra8 26. Bc7 Bf6 27. Rb3 Nxc7 28. Rxc7 Rxa5 29. Rb8+ Kh7 30. Rxf7 Rxh5 31. a4 Rhh2 32. Rfb7 Rh4 33. Rb4 Rxb4 34. Rxb4 h5 35. a5 Rg5 36. Ra4 Rb5 37. a6 Rxb2+ 38. Kc1 Rb8 39. Kd2 Ra8 40. Ke3 h4 41. Kf4 Kh6 42. Kg4 Ra7 43. Ra5 Kg6 44. Ra4 Kf7 45. Ra5 Ke7 46. Ra4 Kd6 47. Ra2 Kc6 48. Re2 e5 49. Ra2 Kb6 50. Rb2+ Kxa6 51. Rb8 Rb7 52. Rc8 Kb6 53. Rc2 Rc7 54. Rb2+ Kc6 55. Rd2 Rd7 56. Rc2+ Kd6 57. Ra2 Ke6 58. Kh5 Kf7 59. Kg4 Re7 60. Kf5 Rc7 61. Ra4 h3 62. Ra2 Rc8 63. Kg4 Rh8 64. Rh2 Rh4+ 65. Kg3 Rh6 66. Rh1 Ke6 67. Kh2 Kf5 68. Rb1 Bg5 69. Rb4 Bf4+ 70. Kh1 Rc6 71. Kg1 Rc1+ 72. Kf2 h2 73. Rb8 h1Q 74. Rf8+ Ke6 75. Re8+ Kf7 76. Rxe5 Qh2# 0-1

[Event "Titled Tuesday intern op 07th May Early"]
[Site "Chess.com INT"]
[Date "2024.05.07"]
[Round "6"]
[White "Arencibia Monduy, Antonio"]
[Black "Barria Zuniga, Daniel"]
[Result "1-0"]
[WhiteElo "2122"]
[BlackElo "2341"]
[PlyCount "73"]
[EventDate "2024.05.07"]
[EventType "swiss (blitz)"]
[EventRounds "11"]
[EventCountry "USA"]
[SourceTitle "EXT 2025"]
[Source "ChessBase"]
[SourceDate "2024.10.14"]
[SourceVersion "1"]
[SourceVersionDate "2024.10.14"]
[SourceQuality "1"]

1. e4 Nc6 2. Nc3 Nf6 3. Nf3 e5 4. Bb5 a6 5. Bxc6 dxc6 6. Nxe5 Nxe4 7. Nxe4 Qd4 8. 0-0 Qxe5 9. Re1 Be6 10. d4 Qf5 11. c4 0-0-0 12. b3 Bb4 13. Re3 Rhe8 14. a3 Be7 15. Bb2 g5 16. Qe2 Qg6 17. Re1 h6 18. Nd2 Bf6 19. Nf3 Bg7 20. Ne5 Qf5 21. Rf3 Qh7 22. Re3 Qf5 23. h3 Qh7 24. Qf3 Bxe5 25. Rxe5 Qg6 26. Qe3 Bd7 27. d5 cxd5 28. Qa7 c6 29. Rxe8 Rxe8 30. Be5 Rxe5 31. Rxe5 Qb1+ 32. Kh2 Qxb3 33. cxd5 cxd5 34. Qc5+ Bc6 35. Qd6 Qa4 36. g3 Qc4 37. Re7 1-0

[Event "Titled Tuesday intern op 07th May Early"]
[Site "Chess.com INT"]
[Date "2024.05.07"]
[Round "5"]
[White "Vaishali, Ramesh Babu"]
[Black "Arencibia Monduy, Antonio"]
[Result "1-0"]
[WhiteElo "2490"]
[BlackElo "2122"]
[PlyCount "93"]
[EventDate "2024.05.07"]
[EventType "swiss (blitz)"]
[EventRounds "11"]
[EventCountry "USA"]
[SourceTitle "EXT 2025"]
[Source "ChessBase"]
[SourceDate "2024.10.14"]
[SourceVersion "1"]
[SourceVersionDate "2024.10.14"]
[SourceQuality "1"]

1. e4 e6 2. d4 d5 3. Nd2 dxe4 4. Nxe4 Nd7 5. Nf3 Ngf6 6. Bd3 Nxe4 7. Bxe4 Nf6 8. Bg5 Be7 9. Bxf6 Bxf6 10. Qd3 h6 11. Bxb7 Bxb7 12. Qb5+ Qd7 13. Qxb7 0-0 14. Qe4 Qb5 15. Qe2 Qxb2 16. 0-0 Qc3 17. Rab1 Rab8 18. Qe4 Rfd8 19. Rb3 Rxb3 20. cxb3 Bxd4 21. Nxd4 Qxd4 22. Qc6 Qb6 23. Qc3 c5 24. g3 Rd4 25. Rc1 Rd5 26. h4 h5 27. Kg2 Qc6 28. Qf3 Qd6 29. Rc4 g6 30. Rf4 Qd7 31. Rc4 Qd6 32. Rf4 Rf5 33. Rxf5 gxf5 34. Qxh5 Qd5+ 35. Qf3 Qd6 36. Qa8+ Kg7 37. Qxa7 Qd5+ 38. Kg1 Qd4 39. Qb7 Qa1+ 40. Kg2 Qxa2 41. Qb5 Qc2 42. Qc4 Qb2 43. h5 Kh6 44. Qxc5 Qxb3 45. Qf8+ Kh7 46. Qxf7+ Kh8 47. h6 1-0

[Event "Titled Tuesday intern op 23rd Apr Early"]
[Site "Chess.com INT"]
[Date "2024.04.23"]
[Round "4"]
[White "Arencibia Monduy, Antonio"]
[Black "Kostiukov, Alexandr"]
[Result "0-1"]
[WhiteElo "2122"]
[BlackElo "2271"]
[PlyCount "107"]
[EventDate "2024.04.23"]
[EventType "swiss (blitz)"]
[EventRounds "11"]
[EventCountry "USA"]
[SourceTitle "EXT 2025"]
[Source "ChessBase"]
[SourceDate "2024.10.14"]
[SourceVersion "1"]
[SourceVersionDate "2024.10.14"]
[SourceQuality "1"]

1. c4 c5 2. Nf3 Nf6 3. e3 g6 4. Be2 Bg7 5. 0-0 0-0 6. Nc3 Nc6 7. d4 cxd4 8. Nxd4 d5 9. cxd5 Nxd5 10. Nxd5 Qxd5 11. Bf3 Qc5 12. Nxc6 bxc6 13. Qa4 Rb8 14. Rb1 Bf5 15. e4 Be6 16. Be3 Qb5 17. Qxb5 cxb5 18. b3 a5 19. Rbc1 a4 20. bxa4 bxa4 21. Rc2 Rb2 22. Rxb2 Bxb2 23. Bc5 Bxa2 24. Bxe7 Rc8 25. Rd1 Rc1 26. Rxc1 Bxc1 27. Kf1 a3 28. Ke2 Bb3 29. Bxa3 Bxa3 30. h3 Bc4+ 31. Kd2 Bb4+ 32. Kd1 Kg7 33. Bg4 Kf6 34. f4 Bd3 35. Bf3 Ke6 36. g4 Bc3 37. h4 Kd6 38. Kc1 Kc5 39. Kd1 Kd4 40. e5 Ke3 41. Bd5 Kxf4 42. Bxf7 Kxe5 43. h5 g5 44. h6 Kf4 45. Be6 Be4 46. Ke2 Bf3+ 47. Kd3 Bb2 48. Bf5 Bxg4 49. Bxh7 Bh8 50. Kd2 Bf3 51. Bg8 g4 52. Ke1 g3 53. Kf1 g2+ 54. Ke1 0-1

[Event "Titled Tuesday intern op 23rd Apr Late"]
[Site "Chess.com INT"]
[Date "2024.04.23"]
[Round "2"]
[White "Arencibia Monduy, Antonio"]
[Black "Schut, Han"]
[Result "0-1"]
[WhiteElo "2122"]
[BlackElo "2091"]
[PlyCount "86"]
[EventDate "2024.04.23"]
[EventType "swiss (blitz)"]
[EventRounds "11"]
[EventCountry "USA"]
[SourceTitle "CBM 219 Extra"]
[Source "ChessBase"]
[SourceDate "2024.05.31"]
[SourceVersion "1"]
[SourceVersionDate "2024.05.31"]
[SourceQuality "1"]

1. e4 c5 2. b3 Nc6 3. Bb2 e5 4. Nf3 d6 5. h3 h6 6. d3 Be6 7. Nbd2 Nf6 8. Be2 Be7 9. 0-0 0-0 10. Nc4 Rc8 11. a4 b6 12. Nh2 Qc7 13. Ng4 Nxg4 14. Bxg4 f5 15. exf5 Bxf5 16. Bxf5 Rxf5 17. Ne3 Rf7 18. Nd5 Qd8 19. f4 exf4 20. Nxf4 Bf6 21. Bxf6 Qxf6 22. Ne2 Qxf1+ 23. Qxf1 Rxf1+ 24. Rxf1 Nb4 25. Rc1 Rf8 26. Nc3 d5 27. Nb5 Rf7 28. d4 a6 29. Nd6 Rd7 30. dxc5 bxc5 31. Nf5 d4 32. c3 Na2 33. Rc2 Nxc3 34. g4 Ne4 35. Rc1 d3 36. Ne3 d2 37. Rf1 Rd3 38. Nd1 Rxb3 39. Kg2 c4 40. Rf4 Nc3 41. Nf2 d1Q 42. Nxd1 Nxd1 43. Rxc4 Ne3+ 0-1

[Event "Titled Tuesday intern op 09th Apr Early"]
[Site "Chess.com INT"]
[Date "2024.04.09"]
[Round "2"]
[White "Arencibia Monduy, Antonio"]
[Black "Makarian, Rudik"]
[Result "0-1"]
[WhiteElo "2122"]
[BlackElo "2524"]
[PlyCount "86"]
[EventDate "2024.04.09"]
[EventType "swiss (blitz)"]
[EventRounds "11"]
[EventCountry "USA"]
[SourceTitle "EXT 2025"]
[Source "ChessBase"]
[SourceDate "2024.10.14"]
[SourceVersion "1"]
[SourceVersionDate "2024.10.14"]
[SourceQuality "1"]

1. c4 e6 2. e3 Nf6 3. Nf3 d5 4. Nc3 dxc4 5. Bxc4 a6 6. d4 b5 7. Bb3 c5 8. 0-0 Bb7 9. dxc5 Nbd7 10. c6 Bxc6 11. Nd4 Bb7 12. Qe2 Qb6 13. a4 b4 14. a5 Qc7 15. Na4 Bd6 16. h3 0-0 17. Bd2 Rac8 18. Rfd1 Ne5 19. Be1 Qe7 20. Nb6 Rc7 21. Rac1 Ng6 22. f3 Rd8 23. Bf2 Rxc1 24. Rxc1 Bc5 25. Qc4 Bxd4 26. exd4 Nd5 27. Qc5 Qg5 28. Nxd5 Bxd5 29. Bxd5 Rxd5 30. Qc8+ Rd8 31. Qc7 Nf4 32. g3 Nxh3+ 33. Kg2 Nxf2 34. Kxf2 Qd2+ 35. Kg1 Qxd4+ 36. Kh1 h5 37. Qc2 Qe3 38. Rf1 Rd2 39. Qc8+ Kh7 40. Qxa6 Rxb2 41. Qb5 g6 42. Qb7 Kg7 43. Qc7 Qe2 0-1

[Event "Titled Tuesday intern op 19th Mar Early"]
[Site "Chess.com INT"]
[Date "2024.03.19"]
[Round "1"]
[White "Arencibia Monduy, Antonio"]
[Black "Terry, Renato"]
[Result "0-1"]
[WhiteElo "2122"]
[BlackElo "2522"]
[PlyCount "54"]
[EventDate "2024.03.19"]
[EventType "swiss (blitz)"]
[EventRounds "11"]
[EventCountry "USA"]
[SourceTitle "EXT 2025"]
[Source "ChessBase"]
[SourceDate "2024.10.14"]
[SourceVersion "1"]
[SourceVersionDate "2024.10.14"]
[SourceQuality "1"]

1. e4 e6 2. d4 d5 3. e5 c5 4. c3 Qb6 5. Nf3 Bd7 6. a4 cxd4 7. Nxd4 Nc6 8. Nxc6 Bxc6 9. Bd3 d4 10. 0-0 Rd8 11. Qe2 a6 12. a5 Qc5 13. Rd1 Nh6 14. cxd4 Rxd4 15. Be3 Qd5 16. f3 Bc5 17. Bxd4 Qxd4+ 18. Kh1 Qh4 19. Nc3 0-0 20. Be4 Nf5 21. Bxf5 exf5 22. Re1 Bf2 23. Rf1 Bg3 24. h3 Re8 25. Rad1 g5 26. Nd5 Rxe5 27. Nf6+ Kg7 0-1

[Event "Titled Tuesday intern op 05th Mar Early"]
[Site "Chess.com INT"]
[Date "2024.03.05"]
[Round "1"]
[White "Arencibia Monduy, Antonio"]
[Black "Papasimakopoulos, Alexandros"]
[Result "0-1"]
[WhiteElo "2122"]
[BlackElo "2402"]
[PlyCount "122"]
[EventDate "2024.03.05"]
[EventType "swiss (blitz)"]
[EventRounds "11"]
[EventCountry "USA"]
[SourceTitle "EXT 2025"]
[Source "ChessBase"]
[SourceDate "2024.10.14"]
[SourceVersion "1"]
[SourceVersionDate "2024.10.14"]
[SourceQuality "1"]

1. e4 e6 2. d4 d5 3. e5 c5 4. c3 Nc6 5. Nf3 Bd7 6. Bd3 cxd4 7. 0-0 dxc3 8. Nxc3 Nge7 9. a3 Ng6 10. Re1 Bc5 11. b4 Be7 12. g3 Rc8 13. Bb2 0-0 14. h4 f5 15. exf6 Bxf6 16. Bxg6 hxg6 17. Rc1 a5 18. b5 Ne7 19. Qd3 Qb6 20. a4 Rf7 21. Re2 Rcf8 22. Kg2 Nf5 23. Nd1 Bxb2 24. Rxb2 Nd6 25. Ne5 Nc4 26. Nxc4 dxc4 27. Qe2 e5 28. Rxc4 Be6 29. Rc3 Bd5+ 30. Kh2 Qf6 31. Rd2 Bf3 32. Qe3 Bxd1 33. Rxd1 Qxf2+ 34. Qxf2 Rxf2+ 35. Kh3 R2f3 36. Rxf3 Rxf3 37. Re1 Ra3 38. Re4 Kf7 39. Kg4 Ke6 40. Rc4 Kd5 41. Rc7 Rxa4+ 42. Kg5 b6 43. Rxg7 Rb4 44. Rxg6 Rxb5 45. h5 Rb3 46. g4 b5 47. Ra6 a4 48. h6 Rh3 49. Kg6 e4 50. g5 e3 51. Ra8 Rh1 52. Re8 Kd4 53. Kg7 a3 54. g6 a2 55. Rd8+ Kc3 56. Ra8 Kb2 57. h7 e2 58. h8Q Rxh8 59. Kxh8 e1Q 60. g7 Qh1+ 61. Kg8 Qxa8+ 0-1

[Event "Titled Tuesday intern op 27th Feb Early"]
[Site "Chess.com INT"]
[Date "2024.02.27"]
[Round "1"]
[White "Arencibia Monduy, Antonio"]
[Black "Ashraf, Artin"]
[Result "1-0"]
[WhiteElo "2122"]
[BlackElo "2399"]
[PlyCount "127"]
[EventDate "2024.02.27"]
[EventType "swiss (blitz)"]
[EventRounds "11"]
[EventCountry "USA"]
[SourceTitle "EXT 2025"]
[Source "ChessBase"]
[SourceDate "2024.10.14"]
[SourceVersion "1"]
[SourceVersionDate "2024.10.14"]
[SourceQuality "1"]

1. c4 e5 2. e3 Nf6 3. Nc3 d6 4. d3 g6 5. Nf3 Bg7 6. Be2 0-0 7. 0-0 Re8 8. Re1 c6 9. a3 d5 10. b4 e4 11. Nd4 exd3 12. Bxd3 dxc4 13. Bxc4 Nbd7 14. Bb2 Qe7 15. Qe2 a5 16. b5 c5 17. Nf3 Nb6 18. Ba2 Be6 19. Bxe6 Qxe6 20. Rad1 Qb3 21. Rb1 Rad8 22. Rec1 Qe6 23. a4 Ne4 24. Nxe4 Qxe4 25. Bxg7 Kxg7 26. Qe1 Nxa4 27. Ra1 b6 28. Qe2 Qb4 29. Qc2 Re4 30. h3 h6 31. Rab1 Nc3 32. Rxb4 axb4 33. Qb2 Kg8 34. Rxc3 bxc3 35. Qxc3 Re6 36. Qa3 Kg7 37. Qb2+ Kg8 38. Kh2 Red6 39. Qe5 Re6 40. Qc7 Rd5 41. e4 Rd1 42. e5 Rd5 43. Qa7 Kg7 44. Qa4 Rd7 45. Qc4 Rd1 46. Qe4 Rd8 47. g4 Rde8 48. Qf4 R8e7 49. h4 Re8 50. g5 hxg5 51. Nxg5 R6e7 52. Qf6+ Kg8 53. e6 fxe6 54. Qxg6+ Kf8 55. Nh7+ Rxh7 56. Qxh7 Re7 57. Qh6+ Ke8 58. Qh8+ Kd7 59. Qe5 Rf7 60. Kg3 Rf5 61. Qe4 Kd6 62. Qc6+ Ke7 63. Qxb6 Rd5 64. Qc7+ 1-0

[Event "Titled Tuesday intern op 27th Feb Early"]
[Site "Chess.com INT"]
[Date "2024.02.27"]
[Round "2"]
[White "Arencibia Monduy, Antonio"]
[Black "Shkapenko, Pavel"]
[Result "0-1"]
[WhiteElo "2122"]
[BlackElo "2390"]
[PlyCount "96"]
[EventDate "2024.02.27"]
[EventType "swiss (blitz)"]
[EventRounds "11"]
[EventCountry "USA"]
[SourceTitle "EXT 2025"]
[Source "ChessBase"]
[SourceDate "2024.10.14"]
[SourceVersion "1"]
[SourceVersionDate "2024.10.14"]
[SourceQuality "1"]

1. c4 e5 2. e3 Nf6 3. Nc3 Bb4 4. Qb3 a5 5. a3 Bxc3 6. Qxc3 Nc6 7. d3 a4 8. Nf3 d6 9. Bd2 0-0 10. Qc2 Re8 11. Be2 h6 12. h3 Bf5 13. e4 Bg6 14. 0-0 Bh5 15. Be3 Bxf3 16. Bxf3 Nd7 17. Bg4 Nc5 18. f4 Nb3 19. Rae1 Qh4 20. Qd1 Ncd4 21. Bf2 Qe7 22. Bg3 c6 23. Rf2 Rf8 24. Ref1 b5 25. cxb5 cxb5 26. fxe5 dxe5 27. Bh5 f6 28. Bg6 Rac8 29. Qg4 Rc1 30. Rxc1 Nxc1 31. Qd1 Rc8 32. Kh2 Qe6 33. Rd2 Ncb3 34. Rf2 Rc1 35. Qh5 Nc5 36. Bf5 Nxf5 37. exf5 Qf7 38. Qf3 Kh7 39. Rd2 Nb3 40. Re2 Nd4 41. Qe3 Nxe2 42. Qxe2 Qd5 43. Qg4 Rc2 44. Qg6+ Kh8 45. Qe8+ Qg8 46. Qxb5 Qa8 47. Bf2 Rxf2 48. Qc6 Qxc6 0-1

[Event "Titled Tuesday intern op 07th Nov Late"]
[Site "Chess.com INT"]
[Date "2023.11.07"]
[Round "3"]
[White "Arencibia Monduy, Antonio"]
[Black "Blohberger, Felix"]
[Result "0-1"]
[WhiteElo "2122"]
[BlackElo "2513"]
[PlyCount "42"]
[EventDate "2023.11.07"]
[EventType "swiss (blitz)"]
[EventRounds "11"]
[EventCountry "USA"]
[SourceTitle "EXT 2025"]
[Source "ChessBase"]
[SourceDate "2024.10.14"]
[SourceVersion "1"]
[SourceVersionDate "2024.10.14"]
[SourceQuality "1"]

1. b3 d5 2. Bb2 Nf6 3. e3 c5 4. Nf3 g6 5. Be2 Bg7 6. 0-0 0-0 7. d3 Qc7 8. Nbd2 Nc6 9. d4 Ne4 10. c3 e5 11. dxe5 Nxe5 12. Nxe5 Bxe5 13. Nxe4 dxe4 14. h3 Be6 15. Qc2 f5 16. Bc4 Bxc4 17. bxc4 Qf7 18. Rad1 Qxc4 19. Rd7 Rf7 20. Rfd1 Raf8 21. Qa4 Qxa4 0-1

[Event "Titled Tuesday intern op 07th Nov Late"]
[Site "Chess.com INT"]
[Date "2023.11.07"]
[Round "4"]
[White "Rastbod, Ali"]
[Black "Arencibia Monduy, Antonio"]
[Result "1-0"]
[WhiteElo "2231"]
[BlackElo "2122"]
[PlyCount "113"]
[EventDate "2023.11.07"]
[EventType "swiss (blitz)"]
[EventRounds "11"]
[EventCountry "USA"]
[SourceTitle "EXT 2025"]
[Source "ChessBase"]
[SourceDate "2024.10.14"]
[SourceVersion "1"]
[SourceVersionDate "2024.10.14"]
[SourceQuality "1"]

1. Nf3 Nf6 2. e3 g6 3. b4 Bg7 4. Bb2 0-0 5. c4 d5 6. cxd5 Qxd5 7. Nc3 Qd6 8. Nb5 Qd8 9. Rc1 c6 10. Na3 Be6 11. Bc4 Bxc4 12. Nxc4 Nbd7 13. 0-0 Nb6 14. Na5 Nbd5 15. a3 Qc7 16. Be5 Qd7 17. Qb3 Ng4 18. Bxg7 Kxg7 19. h3 Ngf6 20. Qb2 Kg8 21. Rc4 Rad8 22. Rd1 Nb6 23. Rcc1 Rb8 24. d3 Rfd8 25. e4 h6 26. Qe5 Qd6 27. Qa1 Qe6 28. a4 Nbd7 29. Qc3 Nb6 30. Qa3 Rd7 31. Re1 Rdd8 32. Re3 Nh5 33. d4 Nf4 34. Kh2 Qd6 35. g3 Ne6 36. Rd1 Qc7 37. Qb3 Rd7 38. d5 cxd5 39. exd5 Ng7 40. Ne5 Rd6 41. Nac4 Nxc4 42. Nxc4 Rf6 43. f4 Nf5 44. Re2 Rc8 45. Ne5 Nd6 46. Rdd2 Qb6 47. Nd7 Qc7 48. Nxf6+ exf6 49. Rc2 Qd7 50. Rxc8+ Qxc8 51. Qe3 Kg7 52. Qd4 Nf5 53. Qd3 Qd7 54. d6 Qxa4 55. d7 Qa1 56. d8Q Qf1 57. Rg2 1-0

[Event "Titled Tuesday intern op 31st Oct Early"]
[Site "Chess.com INT"]
[Date "2023.10.31"]
[Round "3"]
[White "Arencibia Monduy, Antonio"]
[Black "Kolmagorov, Alexey"]
[Result "1-0"]
[WhiteElo "2122"]
[BlackElo "2124"]
[PlyCount "93"]
[EventDate "2023.10.31"]
[EventType "swiss (blitz)"]
[EventRounds "11"]
[EventCountry "USA"]
[SourceTitle "EXT 2025"]
[Source "ChessBase"]
[SourceDate "2024.10.14"]
[SourceVersion "1"]
[SourceVersionDate "2024.10.14"]
[SourceQuality "1"]

1. b3 Nf6 2. Bb2 e6 3. e3 c5 4. Nf3 Nc6 5. Be2 Be7 6. 0-0 0-0 7. d4 cxd4 8. Nxd4 d5 9. Nd2 Qc7 10. Rc1 Rd8 11. N2f3 a6 12. h3 h6 13. Qe1 Ne4 14. Nxc6 Qxc6 15. c4 dxc4 16. Rxc4 Qd5 17. Rd4 Qf5 18. Bd3 Bf6 19. Bxe4 Qb5 20. Rxd8+ Bxd8 21. Bb1 Ba5 22. Qd1 Bd7 23. Nd4 Qb6 24. Qd3 g6 25. Rd1 Rc8 26. Nf3 Bc6 27. e4 Bb5 28. Qd4 Qxd4 29. Bxd4 Rd8 30. Rc1 Be2 31. Bf6 Re8 32. Nd4 Bb5 33. Nxb5 axb5 34. a3 Bb6 35. b4 g5 36. Bd3 Kh7 37. Bxb5 Ra8 38. a4 Kg6 39. e5 h5 40. a5 Ba7 41. Bd3+ Kh6 42. Rc7 Rf8 43. Rxb7 Bd4 44. Rd7 Bc3 45. a6 Bxb4 46. a7 Bc5 47. Be4 1-0

[Event "Titled Tuesday intern op 24th Oct Early"]
[Site "Chess.com INT"]
[Date "2023.10.24"]
[Round "1"]
[White "Arencibia Monduy, Antonio"]
[Black "Yarullina, Alina"]
[Result "1-0"]
[WhiteElo "2122"]
[BlackElo "2084"]
[PlyCount "85"]
[EventDate "2023.10.24"]
[EventType "swiss (blitz)"]
[EventRounds "11"]
[EventCountry "USA"]
[SourceTitle "EXT 2025"]
[Source "ChessBase"]
[SourceDate "2024.10.14"]
[SourceVersion "1"]
[SourceVersionDate "2024.10.14"]
[SourceQuality "1"]

1. e4 e6 2. d4 d5 3. Bd3 c5 4. exd5 Qxd5 5. Nf3 cxd4 6. 0-0 Nf6 7. Re1 Bd6 8. Nbd2 0-0 9. Ne4 Nxe4 10. Bxe4 Qc5 11. Qxd4 Qxd4 12. Nxd4 a6 13. Be3 f5 14. Bf3 e5 15. Nb3 e4 16. Be2 Be6 17. Rad1 Bxb3 18. axb3 Be5 19. c3 Nc6 20. Bc4+ Kh8 21. Rd7 b5 22. Bd5 Rac8 23. Bxc6 Rxc6 24. g3 b4 25. c4 Bxb2 26. Red1 h6 27. h4 Be5 28. R1d5 Bc7 29. h5 f4 30. gxf4 Bxf4 31. Bd4 Rg8 32. Rf7 Bg5 33. Rdd7 Bf6 34. Be3 a5 35. Ra7 Bd8 36. Kf1 Rf6 37. Rfd7 Rf5 38. Ke2 Rxh5 39. Rab7 a4 40. bxa4 b3 41. Rxb3 Ra5 42. Rb5 Bf6 43. Rxa5 1-0